| 000 | 00724nam a22001935i 4500 | ||
|---|---|---|---|
| 001 | 165425 | ||
| 003 | ES-MaACL | ||
| 005 | 20230906213132.0 | ||
| 008 | 050824s1876 sp | |||||||| ||spa d | ||
| 080 | _a821.134.2-31"18" | ||
| 100 | 1 |
_aSinués, María del Pilar. _9146793 |
|
| 245 | 1 | 3 |
_aLa vida íntima : _bcorrespondencia de dos familias del gran mundo ; En la culpa va el castigo : novela original / _cMaría del Pilar Sinués. |
| 246 | 3 | _aEn la culpa va el castigo | |
| 260 |
_aMadrid : _b[s.n.], _c1876 ( _fImp., estereotipia y galvanoplastia de Aribau y Cª) |
||
| 300 |
_a416 p. ; _c21 cm. |
||
| 740 | 0 | _aEn la culpa va el castigo. | |
| 752 |
_aEspaña - _dMadrid |
||
| 852 | 4 |
_aES-MaACL _jF-11554 _z- Enc. hol. |
|
| 999 |
_c165425 _d165425 |
||